000 00348pab a2200145 454500
008 180718b2002 xxu||||| |||| 00| 0 eng d
100 _aVerma, Harsh V.
245 _aGreen consumer: an initial study
260 _c2002
300 _ap.77-88.
362 _aApr
650 _aConsumers
773 _aManagement and Labour Studies
909 _a54696
999 _c54696
_d54696